Pakistaniat and character building (Record no. 542874)

000 -LEADER
fixed length control field 00428nam a22001457a 4500
082 ## - DEWEY DECIMAL CLASSIFICATION NUMBER
Classification number 370.114
Author Mark SAE
-- L-30II, P-214
100 ## - MAIN ENTRY--PERSONAL NAME
Personal name Rashid, Saeed
9 (RLIN) 16757
245 ## - TITLE STATEMENT
Title Pakistaniat and character building
260 ## - PUBLICATION, DISTRIBUTION, ETC.
Place of publication, distribution, etc. Jehlum :
Name of publisher, distributor, etc. Qureshi brothers
Date of publication, distribution, etc. c1992
300 ## - PHYSICAL DESCRIPTION
Extent 464 p. :
Other physical details ill. ;
Dimensions 19 cm.
526 ## - STUDY PROGRAM INFORMATION NOTE
Program name 0
Interest level 0
Reading level 0
Title point value 370_114000000000000_SAE
526 ## - STUDY PROGRAM INFORMATION NOTE
Program name 0
Interest level 0
Reading level 0
Title point value 370_114000000000000_SAE
650 ## - SUBJECT ADDED ENTRY--TOPICAL TERM
Topical term or geographic name entry element MCE
9 (RLIN) 379
942 ## - ADDED ENTRY ELEMENTS (KOHA)
Source of classification or shelving scheme
Koha item type Book
Holdings
Withdrawn status Lost status Source of classification or shelving scheme Damaged status Not for loan Permanent Location Current Location Date acquired Total Checkouts Full call number Barcode Date last seen Price effective from Koha item type
          Military College of Engineering (MCE) Military College of Engineering (MCE) 02/24/2014   370.114 SAE MCE-26863 02/24/2014 02/24/2014 Book
          Military College of Engineering (MCE) Military College of Engineering (MCE) 02/24/2014   370.114 SAE MCE-26862 02/24/2014 02/24/2014 Book
© 2023 Central Library, National University of Sciences and Technology. All Rights Reserved.